Modernizácia bytového fondu /

Hlavní autor: Zeman, Ján, 1926-
Další autoři: Jankovich, Imrich, 1928-
Jazyk: Slovenština
Vydáno: Bratislava : Alfa, 1983
Vydání: 1. vyd.
Edice: Edícia stavebníckej literatúry (Alfa)
Témata:
Fyzický popis: 232 s.
Knihy
Uloženo v:
LEADER 01106nam a2200325 a 4500
001 000486261
003 CZ BrMZK
005 20181024140551.0
007 ta
008 000105s1983 xo f 000 0 slo d
040 |a BOA001  |b cze 
072 7 |a 332  |x Regionální ekonomie, regionální ekonomika  |2 Konspekt  |9 4 
080 |a 332.81  |2 MRF 
080 |a 332.832.5  |2 MRF 
080 |a (035)  |2 MRF 
100 1 |a Zeman, Ján,  |d 1926-  |7 mzk2010473990  |4 aut 
245 1 0 |a Modernizácia bytového fondu /  |c Ján Zeman, Imrich Jankovich 
250 |a 1. vyd. 
260 |a Bratislava :  |b Alfa,  |c 1983 
300 |a 232 s. 
490 1 |a Edícia stavebníckej literatúry 
504 |a Obsahuje bibliografii 
650 0 7 |a bytový fond  |7 ph114218  |2 czenas 
650 0 7 |a modernizace bytového fondu  |7 ph412805  |2 czenas 
655 7 |a příručky  |7 fd133209  |2 czenas 
700 1 |a Jankovich, Imrich,  |d 1928-  |7 xx0056032  |4 aut 
830 0 |a Edícia stavebníckej literatúry (Alfa)  |0 s 
910 |a BOA001  |b 2-0867.580 
990 |a BK 
996 7 |b 2619369521  |c 2-0867.580  |l MZK  |r Sklad / do 1 hodiny  |n 0  |w 000486261  |u 000010  |a 1  |e BOA001  |j MZK50  |s A